| 000 | 00532nam a22001457a 4500 | ||
|---|---|---|---|
| 020 | _a9788126516100 | ||
| 082 | _a621.3822 HAY | ||
| 100 | _aHayes, M. H. (Monson H.) | ||
| 245 | _aStatistical digital signal processing and modeling | ||
| 260 |
_aNew Delhi, India _bWiley _c2004 |
||
| 300 |
_axv, 608 p. _bill. ; |
||
| 500 | _aIncludes bibliographical references and index. | ||
| 650 | _a1. Signal processing --Digital techniques. 2. Signal processing --Statistical methods. 3. Signal processing --Mathematical models. | ||
| 942 | _cBK | ||
| 999 |
_c12496 _d12496 |
||